00412nam a22001457a 450000500170000002000100001703500110002703700130003810000270005124500780007826000450015630000240020194200240022599900170024920120307125210.0 c00.00 a657059 aDPLbENG aRoyce, James El943580 aMan and meaning :bA successor to man and his nature /cby James El Royce aNew YorkbMcGraw-Hill Book Companyc1969 avii, 334p.c18 cms. 2ddccENh128.3mROY c63843d63843